000
00209nam a2200097Ia 4500
008
240331s9999 xx 000 0 und d
082
_b
IDA
100
_a
Idamaruku, J. ed
245
0
_a
Bhramana matham
942
_c
L
999
_c
1490
_d
1490